Employment : Outlook and insights

Đã lưu trong:
Sonraí Bibleagrafaíochta
Príomhúdar: Freedman, David H.
Formáid: Leabhar
Teanga:Undetermined
Foilsithe: Geneva International labour office 1979
Ábhair:
Clibeanna: Cuir Clib Leis
Gan Chlibeanna, Bí ar an gcéad duine leis an taifead seo a chlibeáil!
Thư viện lưu trữ: Trung tâm Học liệu Trường Đại học Cần Thơ
LEADER 00518nam a2200193Ia 4500
001 CTU_80392
008 210402s9999 xx 000 0 und d
082 |a 331.01 
082 |b F853 
100 |a Freedman, David H. 
245 0 |a Employment : 
245 0 |b Outlook and insights 
245 0 |c David H. Freedman 
260 |a Geneva 
260 |b International labour office 
260 |c 1979 
650 |a Labor economic,Labor 
904 |i Trọng Hải 
980 |a Trung tâm Học liệu Trường Đại học Cần Thơ